00923nam a2200253 a 4500003000900000005001700009008004100026020001800067040002800085082002400113100003400137245009900171260003800270300002800308500002200336650002900358650003000387650003100417650002800448700003800476942001200514999001700526952012600543CO-ViMGA20230915225029.0081119s2007 sp a gr 00010 spa d a9788434229556 aCO-ViMGAbspacCO-ViMGA04aR 320.1 bT35a 2211 aTello, Antonio, d1945-9124010aAtlas básico de política ctextos Antonio Tello ; revisión técnica Juan Pablo Soriano.3 aBarcelona : bParramón, c2007. a96 p. bil. ; c28 cm. aIncluye índice.14aCiencia política.9274 6aFormas de gobierno.91241 6aPartidos políticos.9333 6aPoder político.912421 aSoriano, Juan Pablo, erev.91243 2ddccBK c12234d12234 00102ddc40718003aMEVIECARbMEVIECARd2015-12-04l0oR 320.1 T35ap29090r2015-12-04 00:00:00tEj. 1w2015-12-04yBK